Królowie strzelców ekstraklasy od 2000 roku - Statystyki

Ogólne statystyki
  • Ten quiz został rozwiązany 57 razy
  • Średni wynik to 12 z 23
Statystyki odpowiedzi
liczba goli klub rok piłkarz % Poprawnych
18 Lech Poznań 09/10 Robert Lewandowski
71%
18 Wisła Kraków 00/01 Tomasz frankowski
71%
25 Wisła Kraków 04/05 Tomasz Frankowski
71%
14 Jagiellonia Białystok 10/11 Tomasz Frankowski
71%
18 Lechia Gdańsk/Lech Poznań 16/17 Marco Paixao/Marcin Robak
67%
21 Wisła Kraków 01/02 Maciej Żurawski
63%
20 Wisła Kraków 03/04 Maciej Żurawski
63%
16 Jagiellonia Białystok 22/23 Marc Gual
62%
20 Raków Częstochowa 21/22 Ivi Lopez
60%
22 Pogoń Szczecin 13/14 Marcin Robak
60%
19 Wisła Kraków/Legia Warszawa 08/09 Paweł Brożek/Takesure Chinyama
60%
22 Legia Warszawa 20/21 Tomas Pekhart
60%
23 Wisła Kraków 07/08 Paweł Brożek
58%
24 Wisła Kraków 17/18 Carlitos
56%
24 Górnik Zabrze 18/19 Igor Angulo
56%
28 Legia Warszawa 15/16 Nemanja Nikolić
54%
20 Piast Gliwice 14/15 Kamil Wilczek
52%
21 Korona kielce 05/06 Grzegorz Piechna
38%
15 Lech Poznań 06/07 Piotr Reiss
35%
24 Legia Warszawa 02/03 Stanko Svitlica
27%
24 Lech Poznań 19/20 Christian Gytkjear
25%
14 Podbeskidzie Bielsko-Biała 12/13 Robert Dejman
10%
22 Lech Poznań 11/12 Artiom Rudniew
8%
Nie znaleziono quizów pasujących do podanych kryteriów
Rozkład punktacji
Procent ludzi z każdym wynikiem
Percentyl według liczby udzielonych odpowiedzi
Twoja historia wyników
Nie rozwiązałeś tego quizu